Juan Bellini
Kaydedildi:
| Yazar: | |
|---|---|
| Materyal Türü: | Kitap |
| Dil: | İspanyolca |
| Baskı/Yayın Bilgisi: |
Buenos Aires
Codex
1965
|
| Seri Bilgileri: | Pinacoteca de los Genios, 48
|
| Konular: | |
| Etiketler: |
Etiketle
Etiket eklenmemiş, İlk siz ekleyin!
|
MARC
| LEADER | 00000nam a2200000 a 4500 | ||
|---|---|---|---|
| 001 | UCM1840 | ||
| 003 | CL-VaPUC | ||
| 008 | 020412e19650000AG |||||||||||||||||spa|d | ||
| 082 | 0 | 4 | |a 759.03 |b QUI |2 21 |
| 100 | 0 | |a Quintavalle, Carlos |e author |9 468766 | |
| 245 | 1 | 0 | |a Juan Bellini |
| 300 | |a 16 p | ||
| 942 | |c BK | ||
| 945 | |d 20020412 00:00:00 |a cmena | ||
| 260 | |a Buenos Aires |b Codex |c 1965 | ||
| 500 | |a Incluye: El juicio del siglo XX | ||
| 600 | 0 | 7 | |a BELLINI, GIOVANNI |2 CL-VaPUC |9 333719 |
| 650 | 0 | |a Pintura italiana |9 265293 | |
| 650 | 0 | |a Obras ilustradas |9 265022 | |
| 651 | 0 | |a Italia |9 254949 | |
| 583 | |a last modification |c 20020412 00:00:00 |k Rodrigo Vera | ||
| 490 | 0 | |a Pinacoteca de los Genios, 48 | |
| 999 | |c 300070 |d 300068 | ||
| 952 | |0 0 |1 0 |2 ddc |4 0 |6 759_030000000000000_QUI_1965 |7 0 |8 A |9 357354 |a BIBART |b BIBART |d 2019-11-21 |i 3807630 |o 759.03 QUI 1965 |p 3807630 |r 2025-03-13 |w 2019-11-21 |y BK |k ART | ||